Principles of hydrology (Record no. 544726)

000 -LEADER
fixed length control field 00444cam a2200157 4500
020 ## - INTERNATIONAL STANDARD BOOK NUMBER
International Standard Book Number 0070940479
082 ## - DEWEY DECIMAL CLASSIFICATION NUMBER
Classification number 551.48
Author Mark WAR
-- L-38, P-80.
100 1# - MAIN ENTRY--PERSONAL NAME
Personal name Ward, R. C.
9 (RLIN) 40436
245 10 - TITLE STATEMENT
Title Principles of hydrology
Statement of responsibility, etc. [by] R.C. Ward.
260 ## - PUBLICATION, DISTRIBUTION, ETC.
Place of publication, distribution, etc. London,
-- New York [etc.]
Name of publisher, distributor, etc. McGraw-Hill Pub. Co.
Date of publication, distribution, etc. [1967]
300 ## - PHYSICAL DESCRIPTION
Extent 403 p.
Dimensions 23 cm.
526 ## - STUDY PROGRAM INFORMATION NOTE
Program name 0
Interest level 0
Reading level 0
Title point value 551_480000000000000_WAR
650 #0 - SUBJECT ADDED ENTRY--TOPICAL TERM
Topical term or geographic name entry element Hydrology.
650 #0 - SUBJECT ADDED ENTRY--TOPICAL TERM
Topical term or geographic name entry element MCE
9 (RLIN) 379
942 ## - ADDED ENTRY ELEMENTS (KOHA)
Source of classification or shelving scheme
Koha item type Book
Holdings
Withdrawn status Lost status Source of classification or shelving scheme Damaged status Not for loan Permanent Location Current Location Date acquired Total Checkouts Full call number Barcode Date last seen Date last checked out Price effective from Koha item type
          Military College of Engineering (MCE) Military College of Engineering (MCE) 05/09/2014 2 551.48 WAR MCE-29702 10/16/2017 08/20/2015 05/09/2014 Book
© 2023 Central Library, National University of Sciences and Technology. All Rights Reserved.